Normal view
MARC view
Entry Topical Term
Used in 1 records
001 - CONTROL NUMBER
- control field: 1521
003 - CONTROL NUMBER IDENTIFIER
- control field: OSt
005 - DATE AND TIME OF LATEST TRANSACTION
- control field: 20260325124712.0
008 - FIXED-LENGTH DATA ELEMENTS
- fixed length control field: 260325|| aca||aabn | a|a d
040 ## - CATALOGING SOURCE
- Original cataloging agency: OSt
- Transcribing agency: OSt
150 ## - HEADING--TOPICAL TERM
- Topical term or geographic name entry element: Tagore, Dwarkanath,1794-1846
670 ## - SOURCE DATA FOUND
- Source citation: Work cat.: (OSt): Chakrabarty, Bidyut 1470, The Three Tagores-Dwarkanath, Debendranath and Rabindranath:, 2025